Bibliografia článkov zo slovenských novín a časopisov 1918-1945 Odbor 15. Umenie. Časť 1. Dramaticko- inscenačné umenie, divadlo, (film, rozhlas) na Slovensku. Zväzok 2. 1929-1938. Diel 2

Bibliographic Details
Main Author: Galandová, Lena, 1922-2012 (Author, Compiler)
Format: Book
Language:Slovak
PhysicalDescription:1124 s., 114,35 AH Tb. 24 cm
Published: Martin Matica slovenská 1990
ISBN:8070900474
Edition:1., vyd.
Series:Slovenská národná retrospektívna bibliografia
Subjects:

MARC

LEADER 00000nam a2200000 a 4500
001 vtls001062318
003 SK-MaSNL
005 20260426004035.0
008 250414s1990 xo 0 slo
015 |a SNBA1990/10 
020 |a 8070900474  |q (zv. 2.). 8070900210  |q (súbor)  |q (1000 výtl.) 
035 |a SNK000005146 
040 |a SNK  |b slo  |c SNK  |e AACR2 
041 0 |a slo 
044 |a xo  |c SK 
080 |a 015(437.6):7.096+791.43+792"1929/1938"  |2 1981 
080 |a 7.096  |2 1981 
080 |a 791.43  |2 1981 
080 |a 792"1929/1938"  |2 1981 
080 |a 792  |2 1981 
100 1 |a Galandová, Lena,  |d 1922-2012  |4 aut  |9 124874 
245 1 0 |a Bibliografia článkov zo slovenských novín a časopisov 1918-1945  |b Odbor 15. Umenie. Časť 1. Dramaticko- inscenačné umenie, divadlo, (film, rozhlas) na Slovensku. Zväzok 2. 1929-1938. Diel 2  |c Lena Galandová ; Lena Galandová 
246 3 0 |a Dramaticko-inscenačné umenie, divadlo, film, rozhlas na Slovensku 1929-1938 
250 |a 1., vyd. 
260 |a Martin  |b Matica slovenská  |c 1990  |e Martin  |f Tlačiarne SNP 
300 |a 1124 s., 114,35 AH  |b Tb.  |c 24 cm 
366 |e 145 Kčs. 
490 0 |a Slovenská národná retrospektívna bibliografia 
500 |a Séria C - Články. Lit. 21021. Men. reg. Topograf.-predmet. reg. Reg. náz. hier, operiet, baletu a bábkových hier. Reg. názvov prof. divadiel. 21021 zázn. v slov. 
648 7 |a 1929-1938  |2 SNK  |9 347518 
650 0 7 |a divadlo  |2 SNK  |9 3335 
650 0 7 |a film  |2 SNK  |9 1425 
650 0 7 |a rozhlas  |2 SNK  |9 18755 
651 7 |a Slovensko  |2 SNK  |9 14231 
655 7 |a bibliografie  |2 SNK  |9 28668 
700 1 |a Galandová, Lena,  |d 1922-2012  |4 com  |9 124874 
852 |a Slovenská národná knižnica 
919 |a 80-7090-047-4 (zv. 2.). 80-7090-021-0 (súbor) 
954 |a rozhlas  |a divadlo  |a film  |a bibliografia národná slovenská retrospektívna 
958 |a NB 
958 |a SF 
958 |a TL 
958 |a OND 
999 |c 962175  |d 964105 
952 |a SNK  |b SNK  |y VYP  |7 0  |p 17A0123879  |o snkSC 46545/1/2/2 D3  |i snkD 1362/90  |8 1  |3 Vrátené z príručnej knižnice  |0 0  |1 0  |4 0  |d 1998-02-09  |l 0  |r 2004-12-31 00:00:00  |w 2026-02-24 
952 |a SNK  |b SNK  |y PREZ  |7 0  |p 17A0789911  |o snkSC 46545/1/2/2   |0 0  |1 0  |4 0  |d 2012-07-31  |l 0  |r 2025-10-27 00:00:00  |w 2026-02-24 
952 |a SNK  |b SNK  |y VYP  |7 0  |p 17A0459683  |o snkSC 46545/1/2/2 D2  |i snkD 1361/90  |0 0  |1 0  |4 0  |d 2005-03-03  |l 0  |r 2026-02-24 10:23:55  |w 2026-02-24 
952 |t snkGAL/4 791(016)  |a SNKUST  |b SNKUST  |y PREZ  |7 0  |p 17A0386479  |o snkSC 46545/1/2/2 D1   |i snkKSP 6625/90  |0 0  |1 0  |4 0  |d 2003-07-15  |l 0  |r 2025-04-30 00:00:00  |w 2026-02-24